000 01922nam0a2200361 4500
001 RU\NLR\bibl\1350619
005 20250615173614.0
021 _aRU
_b2009-6949
_9399
035 _a(nilc)RSL-KNO-004243471
035 _a(NLR Aleph) 001335713
090 _a828798
_c828798
100 _a20090225d2008 |||y0rusy50 ca
101 0 _arus
102 _aRU
105 _aa zzzz|||||
200 1 _aПолитическая и социальная реклама
_eучебное пособие
_fЛ. А. Андросова
_gФедеральное агентство по образованию, Гос. образовательное учреждение высш. проф. образования "Пензенский гос. ун-т" (ПГУ)
210 _aПенза
_cПГУ
_d2008
215 _a159 с.
_cил.
_d21
320 _aБиблиогр.: с. 157-159 (45 назв.)
606 1 _aРеклама политическая
_jУчебные издания для высших учебных заведений
_91714641
_3RU\NLR\auth\661061994
606 1 _aСоциальная реклама
_jУчебные издания для высших учебных заведений
_92278976
_3RU\NLR\auth\661365508
610 0 _aСоциология -- Социальные институты -- Экономические институты -- Социология обслуживания, торговли и рекламы -- Учебник для высшей школы
686 _aС555.425я73-1
_2rubbk
686 _aФ011.6я73
686 _aС550.473я73
700 1 _4070
_aАндросова
_bЛ. А.
_cканд. социол. наук
_gЛюбовь Александровна
_9196667
_3RU\NLR\AUTH\770196718
801 0 _aRU
_bРКП
_c20090225
_grcr
801 1 _aRU
_bРГБ
_c20090225
801 2 _aRU
_bNLR
_c20090402
_grcr
942 _cBOOK
980 _aNB